000 00706nam a2200265 a 4500
001 000110353
003 CHAP
005 20220329144128.0
008 140820s2001 mx |r| ||||||spa d
010 _a106815
011 _a107787
020 _a970701136X
040 _cCHAP
082 0 4 _a121.68
_bM62
100 0 0 _aMichel, Guillermo.
_975405
245 1 0 _aEntre-lazos :
_bhermenéutica existencial y liberación /
_cpor Guillermo Michel.
260 _aMéxico :
_bUAM, Unidad Xochimilco,
_c2001.
300 _a165 p.
504 _aIncluye bibliografía
590 _aE5995AHE
_b05
_c20140820
_lUCH01
_h1137
650 1 4 _aHermenéutica.
_953747
901 _aBK
942 _cLIBRO
942 _n0
999 _c106815
_d106815